Bemol saltitante (Registo nº 1876)

Detalhes MARC
000 -Etiqueta do registo
Cabeçalho 00884nam a22002771 4500
005 - Identificador da versão
Campo de controlo 20240827104114.0
010 ## - Número internacional normalizado dos livros (ISBN)
Número (ISBN) 9728998058
021 ## - Número do Depósito Legal
Código do país PT
Número 238522/06
100 ## - Dados gerais de processamento
Dados gerais de processamento 20070521d2006 cd y0pory5003 ba
101 1# - Língua de publicação
Língua do texto, banda sonora, etc. Português
Língua do documento no original Espanhol
102 ## - Pais de publicação ou produção
País de publicação Portugal
105 ## - Campo de dados codificados: livros
Dados codificados dos livros a z 000fy
106 ## - Campo de dados codificados: material textual
Dados codificados do material textual r
200 1# - Titulo e menção de responsabilidade
Título próprio Bemol saltitante
Informação de outro título um ratinho ao piano
Primeira menção de responsabilidade texto de Antonio Amago, il. Nuria Rodríguez
Outras menções de responsabilidade trad. Sofia Fraga
-- música de David López Cruz
205 ## - Menção da edição
Menção da edição 1ª ed.
210 ## - Publicação, Distribuição, etc. 
Lugar da edição, distribuição, etc. Matosinhos
Nome do editor, distribuidor, etc. QuidNovi
Data da publicação, distribuição, etc. 2006
215 ## - Descrição física 
Indicação específica da natureza do documento e extensão da espécie [45] p.
Outras indicações físicas todo il.
Dimensões 20 cm
327 1# - Nota de conteúdo 
Texto da nota Contém CD-Rom com o tema "Fantasia Kortakowsky"
-- Contém glossário
606 ## - Nome comum usado como assunto
Número de registo de entrada de autoridade 0000001
Palavra de ordem Literatura estrangeira infantil
Subdivisão de assunto Conto
675 ## - Classificação Decimal Universal (CDU)
Notação 82-34
Edição
Língua da edição por
700 #1 - Nome de autor-pessoa física (responsabilidade principal)
Número de registo de entrada de autoridade 0000430
Palavra de ordem Amago
Outra parte do nome não tomada para palavra de ordem Antonio
701 #1 - Nome de autor-pessoa física (co-responsabilidade principal)
Palavra de ordem Rodríguez
Outra parte do nome não tomada para palavra de ordem Nuria
Código de função Ilustrador / Técnico de desenho computorizado
702 #1 - Nome de autor-pessoa física (responsabilidade secundária)
Número de registo de entrada de autoridade 0000432
Palavra de ordem Fraga
Outra parte do nome não tomada para palavra de ordem Sofia
Código de função Tradutor
942 ## - Elementos de entrada adicionados (Koha)
Tipo de item no Koha Livro
Exemplares
Situação do levantamento Origin of item (home branch) (coded) Biblioteca de empréstimo Código de barras Cota Circulation type (not for loan) Tipo de documento Nota do exemplar Damaged status
  Biblioteca Escolar da Coca Maravilhas Biblioteca Escolar da Coca Maravilhas BECM7557/06 8EST AMA   Livro Sem mensagem